[Event "BCF-chT3W 2223 (4NCL)"]
[Site "England"]
[Date "2023.04.30"]
[Round "10.63"]
[White "Bryant, Richard BE"]
[Black "Truman, Richard G"]
[Result "0-1"]
[WhiteElo "1833"]
[BlackElo "2005"]
[PlyCount "84"]
[EventDate "2022.10.22"]
[EventType "team-tourn"]
[EventRounds "11"]
[EventCountry "ENG"]
[SourceTitle "EXT 2024"]
[Source "ChessBase"]
[SourceDate "2023.10.10"]
[SourceVersion "1"]
[SourceVersionDate "2023.10.10"]
[SourceQuality "1"]
[WhiteTeam "Shropshire and Friends"]
[BlackTeam "Ashfield"]
[WhiteTeamCountry "ENG"]
[BlackTeamCountry "ENG"]

1. e4 c5 2. Nc3 Nc6 3. f4 g6 4. Nf3 Bg7 5. Bb5 Nd4 6. 0-0 Nxb5 7. Nxb5 d5 8. exd5 a6 9. Nc3 Nf6 10. d3 Nxd5 11. Ne4 Qc7 12. Qe1 0-0 13. Qh4 f5 14. Neg5 h6 15. Nh3 Qd6 16. Qe1 Bd7 17. Qe2 Rae8 18. Ne5 Kh7 19. Rf3 Nf6 20. Rg3 Ng4 21. Nxg4 fxg4 22. Nf2 e5 23. Ne4 exf4 24. Rxg4 Bxg4 25. Qxg4 Qd4+ 26. Kf1 c4 27. Qf3 cxd3 28. cxd3 Rf7 29. Rb1 g5 30. h3 Rd7 31. Nf2 Rde7 32. Bd2 Re2 33. Qxe2 Rxe2 34. Kxe2 Qd5 35. Rc1 Qxg2 36. Rc7 Kg6 37. Rd7 Qc6 38. Rd8 f3+ 39. Kf1 Qc2 40. Rd6+ Kh5 41. Ne4 Qd1+ 42. Kf2 Qe2+ 0-1

[Event "Daventry 4NCL Easter op-B 3rd"]
[Site "Daventry"]
[Date "2023.04.09"]
[Round "5"]
[White "Bryant, Richard BE"]
[Black "Neatherway, A Philip"]
[Result "1/2-1/2"]
[WhiteElo "1850"]
[BlackElo "1797"]
[PlyCount "68"]
[EventDate "2023.04.07"]
[EventType "swiss"]
[EventRounds "7"]
[EventCountry "ENG"]
[SourceTitle "EXT 2024"]
[Source "ChessBase"]
[SourceDate "2023.10.10"]
[SourceVersion "1"]
[SourceVersionDate "2023.10.10"]
[SourceQuality "1"]

1. d4 Nf6 2. c4 g6 3. Nc3 d5 4. Bg5 Ne4 5. Nxe4 dxe4 6. Qd2 Bg7 7. Be3 Nc6 8. d5 Ne5 9. Rc1 0-0 10. g3 e6 11. Bg2 exd5 12. cxd5 Bf5 13. h3 h5 14. f4 exf3 15. Nxf3 Nxf3+ 16. Bxf3 Re8 17. g4 Be4 18. Bg5 Bf6 19. Bxf6 Qxf6 20. 0-0 Qh4 21. Qf4 Bxf3 22. Rxf3 Re7 23. Rxc7 Qe1+ 24. Rf1 Qxe2 25. d6 Rxc7 26. dxc7 Qe6 27. gxh5 Rc8 28. hxg6 fxg6 29. Rd1 Qb6+ 30. Kh1 Qxc7 31. Qg5 Qc6+ 32. Kh2 Qc7+ 33. Kg2 Qc6+ 34. Kh2 Qc7+ 1/2-1/2

[Event "BCF-chT3W 2223 (4NCL)"]
[Site "England"]
[Date "2023.03.18"]
[Round "7.55"]
[White "Page, Michael"]
[Black "Bryant, Richard BE"]
[Result "0-1"]
[WhiteElo "1520"]
[BlackElo "1833"]
[PlyCount "102"]
[EventDate "2022.10.22"]
[EventType "team-tourn"]
[EventRounds "11"]
[EventCountry "ENG"]
[SourceTitle "EXT 2024"]
[Source "ChessBase"]
[SourceDate "2023.10.10"]
[SourceVersion "1"]
[SourceVersionDate "2023.10.10"]
[SourceQuality "1"]
[WhiteTeam "MK Phoenix II"]
[BlackTeam "Shropshire and Friends"]
[WhiteTeamCountry "ENG"]
[BlackTeamCountry "ENG"]

1. e4 e6 2. d4 d5 3. exd5 exd5 4. Nf3 Bd6 5. c4 c6 6. c5 Bc7 7. Nc3 Bf5 8. Bd3 Ne7 9. Bxf5 Nxf5 10. Qe2+ Qe7 11. Qxe7+ Nxe7 12. 0-0 0-0 13. Bd2 Nd7 14. Rfe1 Ng6 15. g3 a6 16. b4 Rfe8 17. Re2 Rxe2 18. Nxe2 Ndf8 19. a4 Re8 20. Nc3 Ne6 21. Re1 Bd8 22. Na2 Bf6 23. Nc1 Kf8 24. Ne5 Bxe5 25. dxe5 Nd4 26. Kg2 Nxe5 27. f4 Nc4 28. Rxe8+ Kxe8 29. Bc3 Ne3+ 30. Kh3 Ne6 31. Ne2 f6 32. Nd4 Nxd4 33. Bxd4 Nc2 34. Bc3 d4 35. Bd2 Na3 36. Kg2 Nc4 37. Be1 d3 38. Kf2 d2 39. Bxd2 Nxd2 40. f5 Nc4 41. Ke2 Ne5 42. h3 h5 43. Ke3 Kf7 44. Ke4 g5 45. Ke3 g4 46. hxg4 hxg4 47. b5 Kg7 48. Ke4 Kh6 49. Kf4 Kh5 50. Ke4 Kg5 51. b6 a5 0-1

[Event "Gibraltar Amateurs op-B"]
[Site "Caleta"]
[Date "2020.01.26"]
[Round "2"]
[White "Martos Amiguet, Valentina"]
[Black "Bryant, Richard BE"]
[Result "0-1"]
[WhiteElo "1745"]
[BlackElo "1849"]
[PlyCount "76"]
[EventDate "2020.01.20"]
[EventType "swiss"]
[EventRounds "5"]
[EventCountry "GGB"]
[SourceTitle "CBM 194 Extra"]
[Source "ChessBase"]
[SourceDate "2020.03.31"]
[SourceVersion "1"]
[SourceVersionDate "2020.03.31"]
[SourceQuality "1"]

1. d4 e6 2. Bf4 f5 3. Nf3 d6 4. e3 Nf6 5. h3 Be7 6. Bc4 c6 7. c3 0-0 8. Qb3 d5 9. Be2 a5 10. a4 Ne4 11. Nbd2 Nd7 12. 0-0 g5 13. Nxe4 fxe4 14. Nxg5 Bxg5 15. Bd6 Rf7 16. Qd1 Be7 17. Bf4 Nf6 18. Kh1 Bd7 19. Rg1 Qf8 20. g4 Ne8 21. g5 Rxf4 22. exf4 Qxf4 23. g6 h6 24. Qf1 Kg7 25. Rg4 Qf6 26. c4 e5 27. dxe5 Qxe5 28. Rg3 d4 29. Re1 Bb4 30. Rd1 Nf6 31. Rb1 Rf8 32. Qd1 Bd6 33. Qg1 c5 34. Rb3 Bc6 35. Rf1 e3+ 36. f3 Nh5 37. Kg2 Qg3+ 38. Kh1 Qxh3+ 0-1

[Event "GBR-ch Atkins op 106th"]
[Site "Torquay"]
[Date "2019.07.27"]
[Round "2"]
[White "Bryant, Richard BE"]
[Black "Woolacott, Samuel"]
[Result "0-1"]
[WhiteElo "1900"]
[BlackElo "1876"]
[PlyCount "70"]
[EventDate "2019.07.26"]
[EventType "swiss"]
[EventRounds "5"]
[EventCountry "ENG"]
[SourceTitle "EXT 2021"]
[Source "ChessBase"]
[SourceDate "2020.10.23"]
[SourceVersion "1"]
[SourceVersionDate "2020.10.23"]
[SourceQuality "1"]

1. e4 e6 2. d4 d5 3. Nc3 Nf6 4. e5 Nfd7 5. f4 c5 6. Nf3 Nc6 7. Be3 Be7 8. Qd2 0-0 9. Qf2 f5 10. exf6 Nxf6 11. Qd2 Bd7 12. 0-0-0 c4 13. Kb1 b5 14. Ne2 Ne4 15. Qe1 a5 16. Nd2 Nd6 17. g4 b4 18. c3 Qb6 19. Ka1 a4 20. Bg2 Rfb8 21. Rb1 Na5 22. a3 bxa3 23. bxa3 Nb3+ 24. Ka2 Ra5 25. Nf3 Nb5 26. Bc1 Qd6 27. Ne5 Be8 28. h4 Nxa3 29. Bb2 Nxb1 30. Qxb1 a3 31. Ba1 Rab5 32. Qd1 Nxa1 33. Kxa1 Rb2 34. Bf3 Qb6 35. f5 Ra2+ 0-1

[Event "GBR-ch Atkins op 106th"]
[Site "Torquay"]
[Date "2019.07.27"]
[Round "3"]
[White "Robinson, James M"]
[Black "Bryant, Richard BE"]
[Result "1-0"]
[WhiteElo "1794"]
[BlackElo "1900"]
[PlyCount "77"]
[EventDate "2019.07.26"]
[EventType "swiss"]
[EventRounds "5"]
[EventCountry "ENG"]
[SourceTitle "EXT 2021"]
[Source "ChessBase"]
[SourceDate "2020.10.23"]
[SourceVersion "1"]
[SourceVersionDate "2020.10.23"]
[SourceQuality "1"]

1. d4 e6 2. Bf4 f5 3. e3 Nf6 4. h3 Be7 5. Nf3 d6 6. Bc4 c6 7. c3 Qb6 8. Qb3 d5 9. Qxb6 axb6 10. Bd3 c5 11. Bb5+ Bd7 12. Bxd7+ Nbxd7 13. Nbd2 h6 14. Ne5 Nxe5 15. Bxe5 Kf7 16. Ke2 Ra6 17. a3 Rha8 18. Rac1 Ra5 19. f3 Rb5 20. Rc2 g5 21. g4 c4 22. gxf5 exf5 23. Bxf6 Bxf6 24. Kf2 Rf8 25. e4 fxe4 26. fxe4 Kg6 27. Ke3 Re8 28. e5 Ra5 29. Nf3 Raa8 30. Rf2 Be7 31. Nh2 Rf8 32. Rhf1 Rxf2 33. Rxf2 Rf8 34. Rxf8 Bxf8 35. Ng4 Be7 36. Kf3 Kf5 37. Nxh6+ Ke6 38. Kg4 b5 39. Nf5 1-0

[Event "BCF-chT3N 1819 (4NCL)"]
[Site "England"]
[Date "2019.05.05"]
[Round "10.14"]
[White "Gayson, Peter"]
[Black "Bryant, Richard BE"]
[Result "0-1"]
[WhiteElo "2125"]
[BlackElo "1967"]
[PlyCount "88"]
[EventDate "2018.11.10"]
[EventType "team-swiss"]
[EventRounds "11"]
[EventCountry "ENG"]
[SourceTitle "EXT 2021"]
[Source "ChessBase"]
[SourceDate "2020.10.23"]
[SourceVersion "1"]
[SourceVersionDate "2020.10.23"]
[SourceQuality "1"]
[WhiteTeam "White Rose II"]
[BlackTeam "Shropshire"]
[WhiteTeamCountry "ENG"]
[BlackTeamCountry "ENG"]

1. e4 e6 2. d4 d5 3. Nd2 Nf6 4. e5 Nfd7 5. Bd3 c5 6. c3 Nc6 7. Ne2 cxd4 8. cxd4 f6 9. exf6 Nxf6 10. Nf3 Bd6 11. 0-0 Qc7 12. g3 0-0 13. Bf4 Bd7 14. Rc1 Be8 15. Bxd6 Qxd6 16. Nf4 Ne4 17. Bxe4 dxe4 18. Ng5 Rxf4 19. gxf4 Qxf4 20. Nxe6 Qh6 21. Qg4 Bg6 22. Rc3 Re8 23. Rg3 Qd2 24. Nf4 Nxd4 25. Nxg6 Ne2+ 26. Kg2 Nxg3 27. Rd1 Qe2 28. Ne7+ Kf8 29. Qf4+ Kxe7 30. Qd6+ Kf7 31. hxg3 Qf3+ 32. Kg1 Kg8 33. Qd5+ Qf7 34. Qd4 e3 35. fxe3 Qf3 36. Qc4+ Kh8 37. Rd3 Qxg3+ 38. Kh1 Qf3+ 39. Kg1 Rf8 40. Rc3 Qf2+ 41. Kh1 Qe1+ 42. Kg2 Rf2+ 43. Kh3 Qh1+ 44. Kg4 Qg1+ 0-1

[Event "Gibraltar Amateur op-B"]
[Site "Caleta"]
[Date "2019.01.30"]
[Round "5"]
[White "Oueld El Hachemi, Abdelhaq"]
[Black "Bryant, Richard BE"]
[Result "0-1"]
[WhiteElo "1747"]
[BlackElo "1862"]
[PlyCount "124"]
[EventDate "2019.01.26"]
[EventType "swiss"]
[EventRounds "5"]
[EventCountry "GGB"]
[SourceTitle "EXT 2021"]
[Source "ChessBase"]
[SourceDate "2020.10.23"]
[SourceVersion "1"]
[SourceVersionDate "2020.10.23"]
[SourceQuality "1"]

1. d4 d5 2. Nf3 Nf6 3. e3 Bf5 4. b3 c6 5. Bb2 h6 6. Bd3 Bxd3 7. Qxd3 e6 8. Nbd2 Nbd7 9. 0-0 Be7 10. c4 0-0 11. e4 dxe4 12. Nxe4 Nxe4 13. Qxe4 Nf6 14. Qe2 Re8 15. Rfd1 Qb6 16. Rd3 a5 17. a4 Rad8 18. Rad1 Nd7 19. Qe4 Bf6 20. h3 g6 21. Bc1 Bg7 22. Be3 Qc7 23. Bf4 Qc8 24. h4 c5 25. d5 Nf6 26. Qe1 Nh5 27. Qd2 Nxf4 28. Qxf4 e5 29. Nxe5 Rxe5 30. d6 Qe6 31. Qf3 Re1+ 32. Rxe1 Qxe1+ 33. Kh2 Qe5+ 34. g3 Rxd6 35. Rxd6 Qxd6 36. Qxb7 Bc3 37. Qa8+ Kg7 38. Qf3 Bd4 39. Kg2 Qf6 40. Qe2 Qe5 41. Qf3 Qe1 42. Qf4 Qe2 43. g4 Be5 44. Qf3 Qxf3+ 45. Kxf3 h5 46. gxh5 gxh5 47. Kg2 Kf6 48. Kf3 Kf5 49. Ke3 Kg4 50. Ke4 Bd4 51. f3+ Kxh4 52. b4 axb4 53. a5 b3 54. Kd3 Be5 55. a6 Bb8 56. Kc3 Kg3 57. Kxb3 h4 58. Ka4 h3 59. Kb5 h2 60. Kb6 h1Q 61. Kb7 Qb1+ 62. Ka8 Qb6 0-1

[Event "BCF-chT3N 1819 (4NCL)"]
[Site "England"]
[Date "2019.01.13"]
[Round "4.24"]
[White "Barker, Arron"]
[Black "Bryant, Richard BE"]
[Result "1/2-1/2"]
[WhiteElo "1853"]
[BlackElo "1967"]
[PlyCount "170"]
[EventDate "2018.11.10"]
[EventType "team-swiss"]
[EventRounds "11"]
[EventCountry "ENG"]
[SourceTitle "EXT 2021"]
[Source "ChessBase"]
[SourceDate "2020.10.23"]
[SourceVersion "1"]
[SourceVersionDate "2020.10.23"]
[SourceQuality "1"]
[WhiteTeam "Bradford DCA Knights II"]
[BlackTeam "Shropshire"]
[WhiteTeamCountry "ENG"]
[BlackTeamCountry "ENG"]

1. e4 e6 2. Nf3 c5 3. Bc4 a6 4. 0-0 b5 5. Be2 Bb7 6. e5 d6 7. d4 cxd4 8. Qxd4 Nc6 9. Qf4 Qc7 10. exd6 Bxd6 11. Qg4 g6 12. c3 Nf6 13. Qh4 Nh5 14. Rd1 Be7 15. Qh3 Nf4 16. Bxf4 Qxf4 17. Qg3 Qxg3 18. hxg3 Rd8 19. Rxd8+ Bxd8 20. Nbd2 Bb6 21. Rd1 Ke7 22. Nb3 Rd8 23. Rxd8 Nxd8 24. Nfd2 f6 25. Kf1 e5 26. Bf3 Bxf3 27. Nxf3 Nb7 28. Ke2 Nd6 29. Nfd2 Ke6 30. Na1 h5 31. Nc2 Nf5 32. Ne4 Nd6 33. Nxd6 Kxd6 34. Nb4 a5 35. Nd3 Kd5 36. b3 f5 37. Nb2 Bd8 38. a4 Kc6 39. axb5+ Kxb5 40. Na4 Bf6 41. f3 Be7 42. g4 hxg4 43. fxg4 fxg4 44. Kd3 Bg5 45. Ke4 Bf4 46. Kd5 Bg3 47. Nc5 Bh2 48. Nd3 e4 49. Kxe4 a4 50. bxa4+ Kxa4 51. Nf2 Kb3 52. Nxg4 Bc7 53. Kd3 g5 54. c4 Kb4 55. Ne3 Kc5 56. Nd5 Be5 57. g4 Kc6 58. Ke4 Bh2 59. Nc3 Kc5 60. Kd3 Kc6 61. Ne4 Bf4 62. Kd4 Kd7 63. Kd5 Kc7 64. c5 Be3 65. c6 Bf4 66. Nc5 Bc1 67. Ne6+ Kc8 68. Ke5 Bd2 69. Kd5 Bc1 70. Kd6 Bd2 71. Nd4 Bf4+ 72. Kd5 Bc1 73. Nb5 Bf4 74. Ke6 Bd2 75. Kf5 Bc1 76. Nd4 Kc7 77. Ne6+ Kxc6 78. Nxg5 Kd7 79. Ne6 Ke7 80. Nf4 Kf7 81. g5 Bb2 82. g6+ Kg8 83. Nh5 Bd4 84. Nf4 Bb2 85. Nd5 Kg7 1/2-1/2

[Event "BCF-chT3N 1819 (4NCL)"]
[Site "England"]
[Date "2019.01.12"]
[Round "3.22"]
[White "Bryant, Richard BE"]
[Black "Dean, Robert A"]
[Result "1-0"]
[WhiteElo "1967"]
[BlackElo "1807"]
[PlyCount "69"]
[EventDate "2018.11.10"]
[EventType "team-swiss"]
[EventRounds "11"]
[EventCountry "ENG"]
[SourceTitle "EXT 2021"]
[Source "ChessBase"]
[SourceDate "2020.10.23"]
[SourceVersion "1"]
[SourceVersionDate "2020.10.23"]
[SourceQuality "1"]
[WhiteTeam "Shropshire"]
[BlackTeam "Bradford DCA Knights III"]
[WhiteTeamCountry "ENG"]
[BlackTeamCountry "ENG"]

1. e4 e6 2. d4 d5 3. Nc3 Bb4 4. e5 c5 5. a3 Bxc3+ 6. bxc3 Ne7 7. Qg4 Nbc6 8. Qxg7 Rg8 9. Qxh7 cxd4 10. Nf3 Qa5 11. Bd2 dxc3 12. Bg5 Bd7 13. Bxe7 Nxe7 14. Qh4 Qa4 15. Qxa4 Bxa4 16. 0-0-0 Nf5 17. Rg1 Rc8 18. g4 Ne7 19. Rd4 Bd7 20. h4 Nc6 21. Rf4 a6 22. h5 Ke7 23. Bd3 Na5 24. h6 b5 25. h7 Rh8 26. Kb1 Nc4 27. g5 a5 28. g6 fxg6 29. Bxg6 Be8 30. Bd3 Nd2+ 31. Ka2 Ne4 32. Rg7+ Kd8 33. Nd4 Bd7 34. Bxe4 dxe4 35. Rff7 1-0

[Event "BCF-chT3N 1819 (4NCL)"]
[Site "England"]
[Date "2018.11.10"]
[Round "1.52"]
[White "Bryant, Richard BE"]
[Black "Bimpson, Tom"]
[Result "1-0"]
[WhiteElo "1967"]
[BlackElo "1973"]
[PlyCount "55"]
[EventDate "2018.11.10"]
[EventType "team-swiss"]
[EventRounds "11"]
[EventCountry "ENG"]
[SourceTitle "EXT 2021"]
[Source "ChessBase"]
[SourceDate "2020.10.23"]
[SourceVersion "1"]
[SourceVersionDate "2020.10.23"]
[SourceQuality "1"]
[WhiteTeam "Shropshire"]
[BlackTeam "Spirit of Atticus II"]
[WhiteTeamCountry "ENG"]
[BlackTeamCountry "ENG"]

1. e4 d6 2. d4 Nf6 3. Nc3 Nbd7 4. f4 e5 5. fxe5 dxe5 6. d5 Bb4 7. Qf3 Nc5 8. Bb5+ Bd7 9. Bxd7+ Qxd7 10. Bd2 Bxc3 11. Qxc3 0-0 12. Qxc5 Nxe4 13. Qc4 Nxd2 14. Kxd2 c6 15. Rd1 cxd5 16. Qb3 Qg4 17. Kc1 e4 18. Qg3 Qe6 19. Ne2 Qa6 20. Nc3 Rad8 21. Qe5 Rfe8 22. Rxd5 Rc8 23. Qd4 Rxc3 24. bxc3 Qxa2 25. Rd8 Qa1+ 26. Kd2 e3+ 27. Ke2 Qa6+ 28. c4 1-0

[Event "Telford 4NCL U2050 op"]
[Site "Telford"]
[Date "2018.11.02"]
[Round "4"]
[White "Chen, Daniel Xingyu"]
[Black "Bryant, Richard BE"]
[Result "1/2-1/2"]
[WhiteElo "1248"]
[BlackElo "1856"]
[PlyCount "97"]
[EventDate "2018.10.31"]
[EventType "swiss"]
[EventRounds "9"]
[EventCountry "ENG"]
[SourceTitle "CBM 187 Extra"]
[Source "ChessBase"]
[SourceDate "2018.11.04"]
[SourceVersion "1"]
[SourceVersionDate "2018.11.04"]
[SourceQuality "1"]

1. e4 e6 2. d3 c5 3. Nf3 Nc6 4. g3 d6 5. Bg2 Be7 6. 0-0 Nf6 7. Re1 e5 8. c3 Bg4 9. Nbd2 Qd7 10. Nb3 a5 11. a4 0-0 12. Nbd2 Rac8 13. Nf1 Qc7 14. Ne3 Bd7 15. Nh4 g6 16. Nf3 Bd8 17. Nc4 Ne7 18. Bh6 Re8 19. Bg5 Kg7 20. Bxf6+ Kxf6 21. Qd2 Kg7 22. b4 b6 23. b5 Ng8 24. Qd1 Be7 25. Nfd2 Bf6 26. Nf1 Be6 27. Nfe3 Rb8 28. Rb1 h5 29. Nd5 Bxd5 30. exd5 Ne7 31. Ne3 Rh8 32. Qf3 Ng8 33. h3 Rf8 34. h4 e4 35. Qxe4 Bxc3 36. Rec1 Bd4 37. Qxd4+ cxd4 38. Rxc7 dxe3 39. fxe3 Re8 40. e4 Ne7 41. Rb7 Nc8 42. Bh3 g5 43. Rc1 g4 44. Bg2 Re7 45. Rxe7 Nxe7 46. Rc7 Kf6 47. d4 Nc8 48. Kf2 Re8 49. Ke3 1/2-1/2

[Event "Nottingham 4NCL Major op"]
[Site "Nottingham"]
[Date "2018.09.29"]
[Round "3"]
[White "Bryant, Richard BE"]
[Black "Davies, Sam"]
[Result "1-0"]
[WhiteElo "1856"]
[BlackElo "1698"]
[PlyCount "123"]
[EventDate "2018.09.28"]
[EventType "swiss"]
[EventRounds "5"]
[EventCountry "ENG"]
[SourceTitle "CBM 187 Extra"]
[Source "ChessBase"]
[SourceDate "2018.11.04"]
[SourceVersion "1"]
[SourceVersionDate "2018.11.04"]
[SourceQuality "1"]

1. e4 e5 2. f4 d6 3. Nf3 Nf6 4. Nc3 Be7 5. d3 exf4 6. Bxf4 0-0 7. Be2 Nc6 8. 0-0 a6 9. h3 d5 10. e5 Ne8 11. a3 g6 12. Qd2 Ng7 13. d4 Ne6 14. Be3 Re8 15. Nd1 Bf8 16. Nf2 Ne7 17. Ng4 Bg7 18. Bh6 Nf5 19. Bxg7 Kxg7 20. Nf6 Rf8 21. Kh2 b6 22. c3 Nd6 23. Ng4 Ne4 24. Qh6+ Kg8 25. Nd2 f5 26. Nxe4 dxe4 27. Nf6+ Rxf6 28. exf6 Qxf6 29. Qe3 Bb7 30. Bc4 Kh8 31. Kg1 Qe7 32. d5 Ng7 33. b4 Rf8 34. Rad1 Qe5 35. Qd4 Qg3 36. Rde1 Re8 37. Re3 Qg5 38. Bb3 Rd8 39. c4 b5 40. Ree1 Qg3 41. Qc5 bxc4 42. Bxc4 Re8 43. Rxe4 Rg8 44. Re7 Ba8 45. Rf3 Qg5 46. Qxc7 f4 47. Rxf4 Bxd5 48. Bxd5 Qxd5 49. Rff7 Qd1+ 50. Kh2 Qd4 51. Rxg7 Rxg7 52. Rxg7 Qxg7 53. Qxg7+ Kxg7 54. a4 Kf6 55. Kg3 Ke5 56. b5 axb5 57. axb5 Kd5 58. Kf4 Kc5 59. Kg5 Kxb5 60. Kh6 Kc4 61. Kxh7 g5 62. Kh6 1-0

[Event "Nottingham 4NCL Major op"]
[Site "Nottingham"]
[Date "2018.09.28"]
[Round "1"]
[White "Bryant, Richard BE"]
[Black "Di Vetta, Andrew"]
[Result "0-1"]
[WhiteElo "1856"]
[BlackElo "1681"]
[PlyCount "146"]
[EventDate "2018.09.28"]
[EventType "swiss"]
[EventRounds "5"]
[EventCountry "ENG"]
[SourceTitle "CBM 187 Extra"]
[Source "ChessBase"]
[SourceDate "2018.11.04"]
[SourceVersion "1"]
[SourceVersionDate "2018.11.04"]
[SourceQuality "1"]

1. e4 c5 2. Nc3 d6 3. f4 Nc6 4. Bb5 Bd7 5. Nf3 a6 6. Bxc6 Bxc6 7. d3 b5 8. 0-0 e6 9. Qe1 Ne7 10. Be3 b4 11. Nd1 Nc8 12. Qg3 Nb6 13. Nf2 Rg8 14. Qh3 h6 15. b3 Be7 16. Rad1 Qc7 17. d4 Bb5 18. Rfe1 0-0-0 19. c3 Kb7 20. cxb4 cxb4 21. Rc1 Qd7 22. Bd2 a5 23. Ra1 f6 24. a3 d5 25. a4 Ba6 26. exd5 exd5 27. f5 Bd6 28. Nh4 Rge8 29. Nd3 Rc8 30. Rxe8 Qxe8 31. Re1 Qc6 32. Rc1 Qe8 33. Nc5+ Ka7 34. Re1 Qf7 35. Ng6 Re8 36. Nxa6 Rxe1+ 37. Bxe1 Qe8 38. Kf1 Kxa6 39. Qd3+ Kb7 40. h3 Qe4 41. Qxe4 dxe4 42. Ke2 Nd5 43. Bd2 Kc6 44. g4 Kd7 45. Kf2 Ke8 46. Bc1 Bc7 47. Be3 Bb6 48. Ke2 Bc7 49. Nh4 Bg3 50. Ng2 Kf7 51. Bf2 Bh2 52. Kd2 g6 53. fxg6+ Kxg6 54. h4 h5 55. gxh5+ Kxh5 56. Ke2 f5 57. Ne3 Nc3+ 58. Kf1 f4 59. Nc4 e3 60. Be1 e2+ 61. Kg2 Bg3 62. Bd2 Ne4 63. Kf3 Nxd2+ 64. Kxe2 Nxb3 65. d5 Bxh4 66. d6 Kg4 67. Ne5+ Kf5 68. Nf3 Bd8 69. Kf2 Ke4 70. Kg2 Nc5 71. Nd2+ Kd3 72. Nf3 b3 73. Ne5+ Kc3 0-1